<?xml version="1.0" encoding="UTF-8"?><?xml-stylesheet type="text/xsl" href="static/style.xsl"?><OAI-PMH xmlns="http://www.openarchives.org/OAI/2.0/" xmlns:xsi="http://www.w3.org/2001/XMLSchema-instance" xsi:schemaLocation="http://www.openarchives.org/OAI/2.0/ http://www.openarchives.org/OAI/2.0/OAI-PMH.xsd"><responseDate>2026-04-17T08:03:32Z</responseDate><request verb="GetRecord" identifier="oai:www.recercat.cat:2099.1/13293" metadataPrefix="marc">https://recercat.cat/oai/request</request><GetRecord><record><header><identifier>oai:recercat.cat:2099.1/13293</identifier><datestamp>2025-07-23T02:22:16Z</datestamp><setSpec>com_2072_1033</setSpec><setSpec>col_2072_452951</setSpec></header><metadata><record xmlns="http://www.loc.gov/MARC21/slim" xmlns:dcterms="http://purl.org/dc/terms/" xmlns:xsi="http://www.w3.org/2001/XMLSchema-instance" xmlns:doc="http://www.lyncode.com/xoai" xsi:schemaLocation="http://www.loc.gov/MARC21/slim http://www.loc.gov/standards/marcxml/schema/MARC21slim.xsd">
   <leader>00925njm 22002777a 4500</leader>
   <datafield ind2=" " ind1=" " tag="042">
      <subfield code="a">dc</subfield>
   </datafield>
   <datafield ind2=" " ind1=" " tag="720">
      <subfield code="a">Molins Lleonart, Eduard</subfield>
      <subfield code="e">author</subfield>
   </datafield>
   <datafield ind2=" " ind1=" " tag="720">
      <subfield code="a">Moreno Mallén, María Pilar</subfield>
      <subfield code="e">author</subfield>
   </datafield>
   <datafield ind2=" " ind1=" " tag="260">
      <subfield code="c">2005-11</subfield>
   </datafield>
   <datafield ind2=" " ind1=" " tag="520">
      <subfield code="a">A Catalunya ens trobem en ple procés d'implantació de programes poblacionals de cribratge de càncer de mama, procés que comporta -i comportarà-una necessitat més gran de radiòlegs per a la lectura i interpretació de les mamografies. Per tant, també augmentarà la necessitat de formació i la necessitat d'establir estàndards de qualitat, especialment en relació a l'experiència i volum d'activitat d'aquests radiòlegs. Hi ha poca evidència (pocs estudis), que analitzin la relació entre l'experiència del radiòleg i el seu impacte en la sensibilitat i I'especificitat i que, alhora, busquin el benefici de la doble lectura en funció d'aquesta experiència. Establir noves evidències en relació a aquest aspectes hauria de permetre, en primer lloc, definir nivells mínims d'experiència del radióleg i, en segon lloc, establir la doble lectura en funció d'aquest nivell d'experiència. Objectiu : Avaluar la precisió i la variabilitat en la interpretació de la mamografia de aibratge en funció del grau d'experiència deis radiòlegs.</subfield>
   </datafield>
   <datafield tag="653" ind2=" " ind1=" ">
      <subfield code="a">Àrees temàtiques de la UPC::Matemàtiques i estadística::Estadística aplicada::Estadística biosanitària</subfield>
   </datafield>
   <datafield tag="653" ind2=" " ind1=" ">
      <subfield code="a">Cancer -- Treatment</subfield>
   </datafield>
   <datafield tag="653" ind2=" " ind1=" ">
      <subfield code="a">Mamografia</subfield>
   </datafield>
   <datafield tag="653" ind2=" " ind1=" ">
      <subfield code="a">VILMA</subfield>
   </datafield>
   <datafield tag="653" ind2=" " ind1=" ">
      <subfield code="a">Càncer -- Diagnòstic -- Mètodes estadístics</subfield>
   </datafield>
   <datafield tag="653" ind2=" " ind1=" ">
      <subfield code="a">Mama -- Càncer -- Diagnòstic -- Mètodes estadístics</subfield>
   </datafield>
   <datafield tag="653" ind2=" " ind1=" ">
      <subfield code="a">Classificació AMS::62 Statistics::62P Applications</subfield>
   </datafield>
   <datafield ind2="0" ind1="0" tag="245">
      <subfield code="a">Precisió i variabilitat en la interpretació de la mamografia de cribatge : VILMA</subfield>
   </datafield>
</record></metadata></record></GetRecord></OAI-PMH>